The parallel polis / (Record no. 1207)

MARC details
000 -LEADER
campo de control de longitud fija 00747nam a22002177a 4500
008 - DATOS DE LONGITUD FIJA--INFORMACIÓN GENERAL
campo de control de longitud fija 170622s2015 gw||||| |||| 00| 0 eng d
082 04 - NÚMERO DE LA CLASIFICACIÓN DECIMAL DEWEY
Número de clasificación 701.18
Número de ítem B458p
100 1# - ENTRADA PRINCIPAL--NOMBRE DE PERSONA
Nombre de persona Benda, Václav.
9 (RLIN) 5834
245 14 - MENCIÓN DEL TÍTULO
Título The parallel polis /
Mención de responsabilidad, etc. Václav Benda y Fred Dewey ; selección por Second Culture Press.
246 03 - FORMA VARIANTE DEL TITULO
Título propio/Titulo breve A polis for new conditions sections I-III
250 ## - MENCION DE EDICION
Mención de edición 1a ed.
260 ## - PUBLICACIÓN, DISTRIBUCIÓN, ETC.
Lugar de publicación, distribución, etc. Amsterdam, Países Bajos :
Nombre del editor, distribuidor, etc. Second Culture Press,
Fecha de publicación, distribución, etc. 2015.
300 ## - DESCRIPCIÓN FÍSICA
Extensión 50 páginas :
Otras características físicas ilustraciones.
440 #0 - MENCIÓN DE SERIE/PUNTO DE ACCESO ADICIONAL--TÍTULO
Título Second Culture Press
9 (RLIN) 5835
653 10 - TÉRMINO DE INDIZACIÓN--NO CONTROLADO
Término no controlado Filosofía del arte
653 10 - TÉRMINO DE INDIZACIÓN--NO CONTROLADO
Término no controlado Arte conceptual
653 10 - TÉRMINO DE INDIZACIÓN--NO CONTROLADO
Término no controlado Ensayos
653 10 - TÉRMINO DE INDIZACIÓN--NO CONTROLADO
Término no controlado Concepto teorético
653 10 - TÉRMINO DE INDIZACIÓN--NO CONTROLADO
Término no controlado Organizaciones artísticas independientes
700 1# - ENTRADA AGREGADA--NOMBRE PERSONAL
Nombre de persona Dewey, Fred.
9 (RLIN) 5836
Holdings
Estatus retirado Estado de pérdida Fuente del sistema de clasificación o colocación Estado de daño No para préstamo Biblioteca de origen Biblioteca actual Ubicación en estantería Fecha de adquisición Total de préstamos Signatura topográfica completa Código de barras Visto por última vez Fecha del último préstamo Precio de reemplazo Tipo de ítem Koha
    Clasificación Decimal Dewey     Biblioteca LadoV Biblioteca LadoV   22/06/2017 1 701.18 B458p 004339 12/09/2018 04/08/2018 22/06/2017 Material 01